000 00849cam a2200241 a 4500
001 sa 68009053
003 DLC
005 20260227112539.0
008 981223s1968 ii 000 0 hin
010 _asa 68009053
_z 98234079
040 _aDLC
_cDLC
_dDLC
041 0 _ahinraj
050 0 0 _aPK2708
_b.M4
100 1 _aMenaria, Purushottamlal,
_d1923-
245 1 0 _aRājasthānī sāhitya kā itihāsa.
_cLekhaka Purushottamalāla Menāriyā.
250 _a[1. saṃsakaraṇa].
260 _aJayapura,
_bMaṅgala Prakāśana
_c[1968].
300 _a23, 295 p. ;
_c22 cm.
546 _aIn Hindi; some quotations in Rajasthani, with explanations in Hindi.
500 _aBiographical sketch of the author: p. [293]-295.
504 _aIncludes bibliographical footnotes and index.
650 0 _aRajasthani literature
_xHistory and criticism.
999 _c82684
_d82684